The heart and blood

Bibliographic Details
Main Author: Parker, Steve
Format: Book
Published: London : Franklin Watts , 1989
Series:The human body
Subjects:

MARC

LEADER 00000cam a2200000 7i4500
001 0000005555
002 000006007
005 20000330.0
020 |a 0863138624 
090 0 0 |a J 611   |b HUM 
100 1 |a Parker, Steve 
245 1 0 |a The heart and blood   |c Steve Parker 
260 |a London :   |b Franklin Watts ,   |c 1989 
300 |a 48p ;   |c 27 cm. 
490 0 |a The human body 
650 0 0 |a Hearts   |x Juvenile literature 
999 |a 016263   |b BUKU   |c JUNIOR REFERENCE   |e PERPUSTAKAAN KOMUNITI PETALING JAYA